| 000 | 00711nam a22002297a 4500 | ||
|---|---|---|---|
| 003 | 0 | ||
| 005 | 20260205104433.0 | ||
| 008 | 260205b xxu||||| |||| 00| 0 eng d | ||
| 020 | _a978-1-407157-50-4 | ||
| 050 |
_aFIC _bSt859 2015 |
||
| 082 |
_aFIC _bSt859 2015 |
||
| 100 | _aStine, R.L. | ||
| 245 |
_aThe Haunted mask / _cR.L. Stine. |
||
| 260 |
_aLondon : _bScholastic Children's Books, _c2015. |
||
| 300 |
_a121 pages ; _c20 cm. |
||
| 440 | _aGoosebumps | ||
| 520 | _aCarly Beth's Halloween mask is so ugly, but she can't seem to get it off after she scares some of the boys in her neighborhood. | ||
| 650 | _aHorror fiction. | ||
| 650 | _aChildren's stories. | ||
| 650 | _aMasks. | ||
| 942 |
_2ddc _cBK |
||
| 999 |
_c368798 _d368798 |
||